1944 1451 1367 1633 1027 1884 1908 1645 1453 1261 1046 1623 1091 1868 1472 1575 1901 1911 1744 1590 1038 1020 1553 1982 1743 1283 1349 1814 1502 1963 1428 1390 1562 1596 1845 1077 1660 1829 1764 1217 1052 1297 1407 1842 1792 1883 1341 1549 1573 1209 1330 1300 1384 1203 1939 1656 1922 1393 1063 1237 1039 1075 1392 1283 1769 1382 1779 1089 1812 1311 1714 1742 1921 1964 1371 1839 1320 1791 1537 1677 1566 1405 1743 1507 1788 1305 1786 1135 1182 1690 1299 1965 1441 1331 1830 1284 1068 1741 1183 BCNSPRNW ULIB Ver.6.0+V

เปลี่ยนเป็นภาษาไทย

Change to English
 แสดงรายละเอียดบรรณานุกรม
  กลับหน้าหลัก

Brief Record : Get Marc (ISO 2709) : E-mail record : QR code < ปิดหน้าต่าง
LEADER : 00000nam 2200000uu 4500
001    13399127427
003     ULIB
008    200520s2562||||th 000 0 tha d
020    ู^a9786168244005
050  0 ^aกว^bก767ร
100    ^aเกรียงไกร หัวบุญศาล
245    ^aรวมบทกวีนิพนธ์ กระจ่างทั้งทิวาและราตรี
250    ^aพิมพ์ครั้งที่ 1
260    ^aกรุงเทพฯ :^bสื่อสารวิชาการ,^c2562
300    ^a128 หน้า;^b21 ซม.
650    ^aกวีนิพนธ์
945    ^p120^l0^i007101
999    ^aประนอม เกษจรัล
รายการนี้ยังไม่มีแท็ก
คุณยังไม่ได้ล็อกอิน คุณสามารถมีกิจกรรมร่วมกับเว็บไซต์ได้ แต่ต้องล็อกอินก่อน ::
  ล็อกอิน

รายการสื่อสารสนเทศ

ลำดับที่ ประเภท เลขเรียก/บาร์โค้ด สถานที่ สถานะ
1. นวนิยาย
นวนิยาย
กว ก767ร ฉ.1 
  Barcode: 007101
ห้องสมุดวิทยาเขตสวรรค์ประชารักษ์
►หนังสือทั่วไป
บนชั้น

รายการใกล้เคียง
    ชื่อเรื่อง [รวมบทกวีนิพนธ์ กระจ่างทั้งทิวาและราตรี]

    หัวเรื่อง [กวีนิพนธ์]

BibComment


ยังไม่เคยถูกคอมเมนท์

คอมเมนท์ทรัพยากรรายการนี้
  คอมเมนท์: รวมบทกวีนิพนธ์ ก..


 Copyright 2026. Bcnsprnw @Library